Culture Générale #4 - Statistiques

Statistiques générales
  • Ce quiz a été pris 61 fois
  • Le résultat moyen est 3 sur 20
Statistiques - réponses
Questions
Réponse
% Correct
Dans quel pays s'est déroulée la coupe du monde de football 2010 ? Afrique du Sud
60%
Citez l'une des 5 plus grandes villes de l'Ouzbékistan Tachkent | Namangan | Samarcande | Andijon | Boukhara (Nukus selon les sources)
58%
Quel explorateur danois a donné son nom au détroit séparant la Russie des Etats-Unis ? Vitus Béring
47%
Combien peut-il y avoir de dames sur un échiquier dans l'hypothèse où tous les pions vont à la promotion? 18
45%
Quelle division cellulaire aboutit à la production de gamètes pour la reproduction ? La Méiose
42%
Quel film futuriste, réalisé par Steven Spielberg, se passe à la fois dans le monde réelle et à la fois dans la réalité virtuelle ? Ready Player One
23%
Quel personnage historique fictif a fait un voyage dans le temps, avec son écuyer, grâce aux pouvoirs du mage Eusæbius ? Godefroy de Montmirail
21%
Qui a chanté "La Plage Aux Romantiques" en 1966 ? Pascal Danel
9%
En quel année a eu lieu la bataille de Gettysburg ? 1863
8%
Qui a écrit le livre "Gomorra" ? Roberto Saviano
8%
Dans laquelle de ses musiques Nekfeu dit-il être "un babtou à part" ? Martin Eden
6%
Conjuguez le verbe "Asseoir" à la 1ère personne du pluriel du Subjonctif Imparfait. Que nous assissions
4%
Quel oiseau marin effectue chaque année un trajet pouvant atteindre 70000km, la plus importante migration régulière connue chez les animaux ? La Sterne arctique
2%
En quelle année a été abattu le dernier auroch sauvage, dans la forêt de Jaktoròw ? 1627
0%
Dans quel série entend-on parler de Gormogon ? Bones
0%
Quel terme désigne un collectionneur de boutons ? Fibulanophile
0%
Comment se nomme l'activité consistant à mettre des bateaux dans des bouteilles ? Le Navibotellisme
0%
De qui est l'oeuvre "Merda d'Artista" ? Piero Manzoni
0%
Comment s'appelle ce tableau peint Caspar David Friedrich, venant du mouvement romantique, vers 1819 dans lequel on peut voir un couple assis main dans la main sur la proue d'un bateau ? (En français) Sur le voilier
0%
Dans le jeu Among us, on retrouve 3 rôles imposteurs. Le spectre, le métamorphe et le ... ? Vipère
0%
Aucun quiz correspondant
Distribution des résultats
% des personnes avec chaque résultat
Percentile par nombre de réponses
Votre historique - résultats
Vous n’avez pas pris ce quiz